| 000 | 00511ntaaa2200181 4500 | ||
|---|---|---|---|
| 003 | 01 | ||
| 005 | 20251027201834.0 | ||
| 008 | 0714s1973 ag 01 | ||
| 040 |
_aAR-BaBN _bspa _cAR-BaBN _eaacr _dRIC |
||
| 082 | _a244.1000 As5 | ||
| 100 |
_aAssociatión Casa Editora Sudamericana _916843 |
||
| 245 | _aAventuras del mundo infantil | ||
| 250 | _a1 ed. | ||
| 260 |
_aBuenos Aires : _bAsociación Casa Editora Sudamericana, _c1966 |
||
| 300 | _a127 p | ||
| 500 | _aRelatos para niños y adolescentes | ||
| 942 | _cBK | ||
| 999 |
_c13073 _d13073 |
||